000 00545nam a22001697a 4500
005 20231114143525.0
008 231114b |||||||| |||| 00| 0 eng d
041 _aEnglish
082 _a344.5 LAN
100 _aLansdown, CWH and Broeksma, AH
_lEnglish
245 _aThe South African Liquor Law /
_cCWH Lansdown and AH Broeksma
250 _aFourth Edition
260 _aCape Town :
_bJuta and Company Ltd,
_c1955
300 _blvi, 700 pages ;
_c26 cm.
650 _aLegal practice
_bLaw
942 _cBK
_6ALISON_BN_VRIES
999 _c639
_d639